000 00507nam a2200217Ia 4500
005 20250425162728.0
008 250425s9999 xx 000 0 und d
041 _aspa
082 _a541.37
100 _aDAMASKÍN, BORIS B.
245 0 _aFUNDAMENTOS DE LA ELECTROQUÍMICA TEÓRICA
250 _a1A. ED.
260 _aMOSCOW
260 _aRusia
_bMIR
_c1980
300 _a330
650 _aELECTROQUIMICA
650 _aQUIMICA
700 _aPETRI, FERDINAND
942 _c01
010 _a103506
999 _c235235
_d235235